Trouve le nom du stade - Statistiques

Statistiques générales
  • Ce quiz a été pris 56 fois
  • Le résultat moyen est 10 sur 16
Statistiques - réponses
Par images Réponse % Correct
Allianz Arena
100%
Santiago Bernabeu
90%
Camp nou
85%
Parc Des Princes
85%
Orange Vélodrome
81%
San Siro
81%
Anfield
71%
Stamford Bridge
71%
Wembley
63%
Old Trafford
62%
Wanda Metropolitano
54%
Signal Iduna Park
52%
Geoffroy Guichard
50%
Stade Louis II
33%
Stadio Diego Armando Maradona
17%
Stadio Olimpico
15%
Aucun quiz correspondant
Distribution des résultats
% des personnes avec chaque résultat
Percentile par nombre de réponses
Votre historique - résultats
Vous n’avez pas pris ce quiz